| 000 | 00611cam a2200193 4500 | ||
|---|---|---|---|
| 001 | D15279 | ||
| 008 | 090401t1970 xxu||||| |||| 00| 0 eng d | ||
| 035 | _a(Sirsi) u21650 | ||
| 041 | _aeng | ||
| 050 | _a389.152 | ||
| 110 |
_aRoyal Institution of Chartered Surveyors _bNorth West Branch _9915 |
||
| 245 | _aCost implications resulting from proposed change to metric: interim report of study group W,Quantity Surveyors section of the London (North West) Branch, March 1970 | ||
| 260 |
_bRICS _c1970 |
||
| 300 | _a7p | ||
| 350 | _a0 | ||
| 520 | _aFiled in box 1970/16A | ||
| 942 | _n0 | ||
| 948 | _c04/03/1997 | ||
| 999 |
_c88026 _d88026 |
||